书目信息 |
| 题名: |
小说面面观
|
|
| 作者: | E.M. 福斯特 著 | |
| 分册: | ||
| 出版信息: | 北京 人民文学出版社 2021.04 |
|
| 页数: | 162页 | |
| 开本: | 20cm | |
| 丛书名: | 经典写作课 | |
| 单 册: | ||
| 中图分类: | I054 | |
| 科图分类: | ||
| 主题词: | 文学理论--各体 , 创作方法--各体 | |
| 电子资源: | ||
| ISBN: | 978-7-02-017924-4 | |
| 000 | 00883nam0 2200253 450 | |
| 001 | 2352238522 | |
| 005 | 20231213143251.08 | |
| 010 | @a978-7-02-017924-4@dCNY45.00 | |
| 100 | @a20231213d2021 km y0chiy0120 ea | |
| 101 | 0 | @achi |
| 102 | @aCN@b110000 | |
| 200 | 1 | @a小说面面观@AXiao Shuo Mian Mian Guan@f(英) E.M. 福斯特著@F(Ying)E.M.Fu Si Te Zhu |
| 210 | @a北京@c人民文学出版社@d2021.04 | |
| 215 | @a162页@d20cm | |
| 225 | 2 | @a经典写作课 |
| 330 | @a 本书共分九章, 涉及小说的七个层面, 故事、人物、情节、幻想、预言、模式、节奏, 以自己小说大师的切身创作体验去评论小说史上的众多名家与名著。 | |
| 410 | 0 | @12001 @a经典写作课 |
| 510 | 1 | @a= Aspects of the novel / Edward Morgan Forster |
| 606 | 0 | @a文学理论@x各体 |
| 606 | 0 | @a创作方法@x各体 |
| 690 | @aI054@v4 | |
| 701 | 0 | @aE.M. 福斯特@AE.M.Fu Si Te@4著 |
| 801 | 0 | @aCN@b河南城建学院出版社@c20231213 |
| 905 | @dI054@eF758 | |
| 小说面面观/(英) E.M. 福斯特著.-北京:人民文学出版社,2021.04 |
| 162页;20cm.-(经典写作课) |
| ISBN 978-7-02-017924-4:CNY45.00 |
| 本书共分九章, 涉及小说的七个层面, 故事、人物、情节、幻想、预言、模式、节奏, 以自己小说大师的切身创作体验去评论小说史上的众多名家与名著。 |
| ● |
| 相关链接 |
|
|
|
正题名:小说面面观
索取号:I054/F758
 
预约/预借
| 序号 | 登录号 | 条形码 | 馆藏地/架位号 | 状态 | 备注 |
| 1 | 1508455 | 215084557 | 外国语学院资料室/ [索取号:I054/F758] | 在馆 |